000
00280nam a2200121Ia 4500
005
20251222155037.0
008
251222s9999||||xx |||||||||||||| ||spa||
082
_a
CIE 01.1
100
_a
ROVIRA, Jaime.
245
0
_a
1 El Mundo de la Quimica
264
_b
No tiene
942
_c
LIB
999
_c
36783
_d
36783